Odisea

Saved in:
Bibliografiske detaljer
Main Authors: Homero (autor), Segalá y Estalella, Luis (Author)
Format: Bog
Sprog:spansk
Udgivet: Buenos Aires Espasa-Calpe 1962
Udgivelse:4a. ed
Serier:Austral, 1004
Fag:
Tags: Tilføj Tag
Ingen Tags, Vær først til at tagge denne postø!

MARC

LEADER 00000nam a2200000 a 4500
001 UCX0136
003 CL-VaPUC
008 890817e19620000AG |||||||||||||||||spa|d
082 0 4 |a 883  |b HOM  |2 21 
100 |a Homero   |e autor  |9 265577 
700 0 |a Segalá y Estalella, Luis  |e author  |9 315545 
245 1 0 |a Odisea 
250 |a 4a. ed 
300 |a 259 p 
942 |c BK 
945 |d 19890817 00:00:00 
260 |a Buenos Aires  |b Espasa-Calpe  |c 1962 
650 7 |a POESIAS EPICAS GRIEGAS  |2 CL-VaPUC  |9 265677 
583 |a last modification  |c 20180726 10:37:37  |k Rodrigo Vera 
490 0 |a Austral, 1004 
999 |c 221854  |d 221852 
952 |0 0  |1 0  |4 0  |6 883_000000000000000_HOM_1962  |7 0  |8 A  |9 215831  |a BIBEDU  |b BIBEDU  |d 2019-11-15  |i 2843706  |o 883 HOM 1962  |p 2843706  |r 2019-11-15  |w 2019-11-15  |y BK  |k LIT